All Engineer Monkey Upgrades - Bloons TD 6 - Statistics

General Stats
  • This quiz has been taken 10 times
  • The average score is 13 of 16
Answer Stats
Upgrade % Correct
Bloon Trap
100%
Double Gun
100%
Overclock
100%
XXXL Trap
100%
Cleansing Foam
90%
Deconstruction
90%
Sentry Champion
90%
Sprockets
90%
Ultraboost
90%
Master Builder
80%
Oversize Nails
80%
Sentry Expert
80%
Pin
70%
Sentry Gun
70%
Larger Service Area
60%
Faster Engineering
50%
No matching quizzes found
Score Distribution
Percent of People with Each Score
Percentile by Number Answered
Your Score History
You have not taken this quiz